000
00221nam a2200097Ia 4500
008
240331s9999 xx 000 0 und d
082
_b
SOC
100
_a
Kuper, A. ed
245
4
_a
The social science encyclopedia
942
_c
L
999
_c
3257
_d
3257